• 首页
  • 本馆介绍
  • 公告通知
  • 最新文献
  • 馆藏检索
  • 电子资源
  • 读者导购
  • 参考咨询
  • 我的图书馆
  • 登录
  • 详细信息显示
  • 放入我的书架
  • 预约/预借图书
  • 作者相关作品
  • 分类相关作品
  • 丛书相关作品
  • 出版社相关作品

书目信息

  • 表格格式
  • 工作单格式
  • 卡片格式
题名:
创新简史
    
 
作者: 杨旸 著
分册:  
出版信息: 北京   九州出版社  2017.11
页数: 285页
开本: 23cm
丛书名:
单 册:
中图分类: F71
科图分类:
主题词: 商业模式--shang ye mo shi--创新管理--研究
电子资源:
ISBN: 978-7-5108-5992-2
000 01168nam0 2200277 450
001 CAL 0120172320426
005 20181203154932.90
010    @a978-7-5108-5992-2@b@dCNY45.00
100    @a20171114d2017 em y0chiy50 ea
101 0  @achi
102    @aCN@b110000
105    @aa z 000yy
106    @ar
200 1  @a创新简史@Achuang xin jian shi@e从石斧到爆品@d= A brief history of innovation@f杨旸著@g@zeng
210    @a北京@c九州出版社@d2017.11
215    @a285页@c彩图@d23cm
314    @a杨旸, 互联网连续创业者, 互联网行业观察者。
330    @a本书是一部以创业、创新为主题的管理类书籍。在“大众创业, 万众创新”的大形势下, 以创业、创新为主题, 具有时代热点性。全书第一次把“创新”作为了一门学科进行研究, 并总结出影响创新发展的两个重要因素: 货币的进化和节点因素。本书展望了未来商业可能发生的变化, 希望为对创新感兴趣的朋友, 提供一些创业和研究方面的帮助。
510 1  @aBrief history of innovation@zeng
517 1  @a从石斧到爆品@Acong shi fu dao bao pin
606 0  @a商业模式@Ashang ye mo shi@x创新管理@x研究
690    @aF71@v5
701  0 @a杨旸@Ayang yang@4著
801  0 @aCN@b人天书店@c20171114@g
905    @aBZT@dF71@e145
906    @dCNY45.00@n3@r1
    
    创新简史:从石斧到爆品= A brief history of innovation/杨旸著.-北京:九州出版社,2017.11
    285页:彩图;23cm
    
    
    ISBN 978-7-5108-5992-2:CNY45.00
    本书是一部以创业、创新为主题的管理类书籍。在“大众创业, 万众创新”的大形势下, 以创业、创新为主题, 具有时代热点性。全书第一次把“创新”作为了一门学科进行研究, 并总结出影响创新发展的两个重要因素: 货币的进化和节点因素。本书展望了未来商业可能发生的变化, 希望为对创新感兴趣的朋友, 提供一些创业和研究方面的帮助。
●
相关链接 在五车中查询图书 在当当中查询图书 在豆瓣中查询图书


正题名:创新简史     索取号:F71/145         预约/预借

序号 登录号 条形码 馆藏地/架位号 状态 备注
1 850304   2000850304   第二书库/ [索取号:F71/145] 在馆    
2 850305   2000850305   第二书库/ [索取号:F71/145] 在馆    
3 850306   2000850306   第二书库/ [索取号:F71/145] 在馆    
山东省滨州职业学院图书馆 欢迎您!
大连网信软件有限公司© 版权所有